Nuestra Señora de Ujarrás

Guardado en:
Bibliografiske detaljer
Hovedforfatter: Prado, Eladio 1880-1941
Format: Ukendt
Sprog:Spanish
Udgivet: San José, Costa Rica Editorial Costa Rica 1989
Fag:
Tags: Tilføj Tag
Ingen Tags, Vær først til at tagge denne postø!

MARC

LEADER 000000000a22000000004500
001 002182
008 171122b xxu||||| |||| 00| 0 spa d
020 |a 9977234604 
041 0 |a spa 
082 0 4 |a 282.728.6  |b P896n 
100 1 |a Prado, Eladio   |d 1880-1941 
245 1 0 |a Nuestra Señora de Ujarrás 
260 |a San José, Costa Rica   |b Editorial Costa Rica   |c 1989 
300 |a 198 páginas   |b ilustraciones, retratos 
500 |a Número de inscripción 01286 
650 4 |a IGLESIA CATOLICA EN COSTA RICA 
650 4 |a VIRGEN DE UJARRAS 
942 |2 ddc  |c BK 
999 |c 3049  |d 3049